Guess the Disney Movie by Emojis - Statistics

General Stats
  • This quiz has been taken 661 times
  • The average score is 10 of 15
Answer Stats
Emoji Answer % Correct
๐Ÿ‘ฉโ€๐Ÿฆฐ๐Ÿ‘ฑโ€โ™€๏ธโ„ Frozen
95%
๐Ÿฆ๐Ÿคด The Lion King
92%
๐Ÿ‘ธ๐Ÿธ The Princess and the Frog
92%
๐ŸฆŠ๐Ÿฐ๐Ÿ‘ฎโ€โ™€๏ธ Zootopia
91%
๐Ÿ‘ฑโ€โ™€๏ธ๐Ÿฅฟ Cinderella
86%
๐Ÿงœโ€โ™€๏ธ๐Ÿงœโ€โ™‚๏ธ The Little Mermaid
85%
๐Ÿ˜ฃ๐Ÿ˜ก๐Ÿ˜€๐Ÿคฎ๐Ÿ™ Inside Out
78%
๐Ÿ‘ฉ๐Ÿ‘น Beauty and the Beast
73%
๐Ÿ‘ฑโ€โ™€๏ธ๐ŸฆŽ Tangled
72%
๐Ÿ๐Ÿป ๐Ÿ“• The Jungle Book
68%
๐Ÿ‘ฉ๐Ÿšค Moana
48%
๐ŸŒจโฌœ Snow White and the Seven Dwarfs
48%
๐Ÿ‘ฑโ€โ™€๏ธ๐Ÿคด Sleeping Beauty
38%
๐Ÿ‘ฉโ€๐Ÿฆฑ๐Ÿ‘น Mulan
27%
๐Ÿ˜๐Ÿงšโ€โ™€๏ธ Dumbo the Flying Elephant
4%
No matching quizzes found
Score Distribution
Percent of People with Each Score
Percentile by Number Answered
Your Score History
You have not taken this quiz